00417nam a2200109Ia 4500008004100000020002200041100001600063245013900079260003800218300001400256500003700270200626s9999 xx 000 0 und d a978-1-907751-03-5 aFisher, Ian cIan Fisher.--aHealth & safety for supervisors (level3):bA text for level 3 health & safety courses and a reference for supervisors:/ aUnited Kingdom :bHighfieldc2010 a128 pages aIncludes Bibliography, and Index